50 Songs mit F - Statistiken

Allgemein
  • Dieses Quiz wurde 130 mal gespielt
  • Das Durchschnittsergebnis liegt bei 16 aus 50
Antwortstatistiken
Songtitel Interpret % Korrekt
Firework (2010) Katy Perry
73%
Friesenjung (1993) Otto Waalkes
70%
The Final Countdown (1986) Europe
62%
Flowers (2023) Miley Cyrus
61%
Forever Young (1984) Alphaville
57%
Flash Mich (2014) Mark Forster
56%
Fernando (1976) ABBA
55%
Flugzeuge im Bauch (1998) Oli P.
55%
Faded (2014) Alan Walker
53%
Fortnight (2024) Taylor Swift
49%
Fly Me To The Moon (1964) Frank Sinatra
43%
Fix You (2005) Coldplay
42%
Fick Ihn Doch (2013) Alligatoah
41%
Fireflies (2009) Owl City
41%
Feel Good Inc. (2005) Gorillaz
40%
Fly Away (1998) Lenny Kravitz
40%
Freiheit (1987) Westernhagen
40%
Feel (2002) Robbie Williams
39%
Fairytale Gone Bad (2006) Sunrise Avenue
39%
Feuer Frei! (2001) Rammstein
38%
Frozen (1998) Madonna
37%
Fat Bottomed Girls (1978) Queen
35%
Formidable (2013) Stromae
35%
Feel This Moment (2013) Pitbull
33%
Faith (1987) George Michael
28%
Fallen Leaves (2006) Billy Talent
23%
Fairytale (2009) Alexander Rybak
22%
Fields Of Gold (1993) Sting
22%
Fame (2020) Apache 207
21%
Faint (2003) Linkin Park
21%
Fading Like A Flower (1991) Roxette
21%
Feel It Still (2017) Portugal. The Man
20%
Frei Wie Der Wind (2012) Santiano
20%
Footloose (1984) Kenny Loggins
18%
Feeling Good (2005) Michael Bublé
18%
Funkytown (1980) Lipps, Inc.
17%
For Whom The Bell Tolls (1984) Metallica
17%
Friday I'm In Love (1992) The Cure
17%
Free Fallin' (1989) Tom Petty
17%
Für Den Himmel Durch Die Hölle (2022) Kontra K
16%
Flieger (2018) Helene Fischer
14%
Feliz Navidad (1970) José Feliciano
14%
Fox On The Run (1975) Sweet
13%
Falling (2020) Harry Styles
12%
Free Bird (1974) Lynyrd Skynyrd
12%
Fear Of The Dark (1992) Iron Maiden
11%
Felicità (1982) Al Bano & Romina Power
10%
Follow You (2022) Imagine Dragons
10%
Fuego (2018) Eleni Foureira
6%
Feel Invincible (2016) Skillet
5%
Keine übereinstimmenden Quizze gefunden
Verteilung der Resultate
Anzahl Personen mit jedem Resultat
Perzentil nach korrekt beantworteten Fragen
Ihre Resultats-Entwicklung
Sie haben dieses Quiz noch nicht gespielt